000
00266dam a22000977a 4500
999
_c
2985
_d
2985
008
190528e1976 cl ||||| |||| 00| 0 spa d
100
_a
Pumarino, Hugo
245
_a
Endocrinologia y metabolismo
260
_a
Santiago [Chile]
_b
Editorial Andres Bello
_c
1976
500
_a
Baja